LEADER 00922nam a2200205 u 4500 001 000000068991 003 CaOOAMICUS 005 20070226121847.0 008 020403s1843 fr cf u000 u ita u 035 $a10925375 040 $aPUL(R)$bita 100 1 $aBenedetti, Francesco,$d1785-1821.$0(OLS)http://pul/name/45866 245 10$aVite d'illustri italiani /$cdescritte da Fr. Benedetti di Cortona ; tratte dall'autografo corretto e supplito, per S. L. G. E. Audin di Rians .. 260 $aLione :$bBlanc e Hervier,$c1843. 300 $axviii, 274, 35 p., [1] c. di tav. :$bant. (ritr.) ;$c22 cm 850 $aPUL 852 $aPUL$W1$xDP1 Antico 800$y27$m118 E 11$j89195$nBK-PRI$b $qStampati Antico$B89195$CPULBib$Z2$F89195 $H $81 941 1 $a15 996 $6245$aVite d'illustri italiani$9(OLS)http://pul/title/91154 996 $6260$aLione :$bBlanc e Hervier$9(OLS)http://pul/publisher/72410 LEADER 01186nam a2200265 a 4500 001 000000161734 003 CaOOAMICUS 005 20170707175711.0 008 170707s1982 ec m 001 u spa r 032 $aLibriCat 040 $aPUL$bita 100 1 $aBottasso, Juan.$0(OLS)http://pul/name/103640 245 14$aLos Salesianos y los Shuar, análisis de una política indigenista /$cGiovanni Bottasso. 260 $aMundo Shuar :$b[s.n.],$c1982. 300 $a233 p ;$c25 cm. 502 $aTesi -- Pontificia Universitas Gregoriana. Facultas Missiologiae. 1980. 504 $aBibliografia in nota a pič pagina. 610 24$aSalesiani$xStoria.$0(OLS)http://pul/subject/21911 710 2 $aPontificia Universitŕ Gregoriana.$bFacoltŕ di missiologia.$kTesi.$0(OLS)http://pul/name/82191 850 $aPUL 852 $aPUL$W1$xDP1 Tesi Pon. Univ. Gregoriana$y40$mTH PUG 2978$j185714$qTesi$B188930$CPULBib$Z2$F188930 $H52510 $82 941 1 $a16 996 $6245$aLos Salesianos y los Shuar, análisis de una política indigenista$9(OLS)http://pul/title/201501 996 $6260$aMundo Shuar :$b[s.n.]$9(OLS)http://pul/publisher/86366